Mạch tiền khuếch đại âm thanh dùng cho đĩa hát

में बचाया:
ग्रंथसूची विवरण
मुख्य लेखक: Nguyễn Xuân Cảnh
स्वरूप: पुस्तक
भाषा:Undetermined
प्रकाशित: Cần Thơ Viện Đại Học Cần Thơ - Đại Học Khoa Học - Ban Khoa Học ứng Dụng 1972
विषय:
टैग : टैग जोड़ें
कोई टैग नहीं, इस रिकॉर्ड को टैग करने वाले पहले व्यक्ति बनें!
Thư viện lưu trữ: Trung tâm Học liệu Trường Đại học Cần Thơ
LEADER 00678nam a2200181Ia 4500
001 CTU_33853
008 210402s9999 xx 000 0 und d
082 |a 621.381 
082 |b C107 
100 |a Nguyễn Xuân Cảnh 
245 0 |a Mạch tiền khuếch đại âm thanh dùng cho đĩa hát 
245 0 |c Nguyễn Xuân Cảnh, Trần Minh Tạ 
260 |a Cần Thơ 
260 |b Viện Đại Học Cần Thơ - Đại Học Khoa Học - Ban Khoa Học ứng Dụng 
260 |c 1972 
650 |a electric circuits,electronics,semiconductors,transistor 
904 |i Minh, 991112 
980 |a Trung tâm Học liệu Trường Đại học Cần Thơ